[Event "Challenge"]
[Site "http://www.queenalice.com/game.php?id=247501"]
[Date "2007.7.28"]
[Round "-"]
[White "hollst"]
[Black "Nias"]
[Result "1-0"]
[WhiteElo "1904"]
[BlackElo "1563"]

1. e4 e5 2. Nf3 Qf6 3. Bc4 h6 4. Nc3 c6 5. O-O g5 6. d4 d6 7. Be3 g4 8. dxe5 Qg6
9. exd6 gxf3 10. Qxf3 Bxd6 11. Bd4 Rh7 12. e5 Be7 13. Bd3 Qg7 14. Ne4 Qf8 15.
Nf6+ Nxf6 16. exf6 Bxf6 17. Bxf6 Be6 18. Bxh7 Nd7 19. Bh4 Qb4 20. Qh5 Nf6 21.
Bxf6 Qf4 22. Be5 Qg5 23. Qxg5 hxg5 24. Bf6 Kd7 25. Rfd1+ Bd5 26. c4 Ke6 27. Bxg5
Bxc4 28. Rd2 Bd5 29. Re1+ Kd6 30. Bf4+ Kc5 31. Bc7 Bxa2 32. b4+ 1-0

[Event "Challenge"]
[Site "http://www.queenalice.com/game.php?id=249106"]
[Date "2007.8.1"]
[Round "-"]
[White "alvishope1"]
[Black "hollst"]
[Result "0-1"]
[WhiteElo "1577"]
[BlackElo "1500"]

1. e4 e5 2. Nf3 f5 3. Nc3 fxe4 4. Nxe4 Nf6 5. Nxf6+ Qxf6 6. Bc4 c6 7. d4 e4 8.
Bg5 Qg6 9. Qe2 d5 10. Bb3 Be6 0-1

[Event "AUTO-INT-563"]
[Site "http://www.queenalice.com/game.php?id=251296"]
[Date "2007.8.5"]
[Round "1"]
[White "hollst"]
[Black "magalhaes"]
[Result "1-0"]
[WhiteElo "1774"]
[BlackElo "1907"]

1. e4 e5 2. Nf3 Nf6 3. Nc3 d6 4. d4 Bg4 5. dxe5 dxe5 6. Qxd8+ Kxd8 7. Nxe5 Be6
8. Bd2 Nbd7 9. Nd3 Bd6 10. f4 Bb4 11. O-O-O c6 12. Nxb4 Kc7 13. f5 Ng4 14. fxe6
fxe6 15. Bf4+ e5 16. Bg3 Rhf8 17. Nd3 Rae8 18. Kd2 Nb6 19. b3 g5 20. Be2 Nf6 21.
Nxe5 Kc8 22. Kc1 Re7 23. Nxc6 bxc6 24. Ba6+ Rb7 25. Rd6 Nh5 26. Be5 Rf7 27. Rhd1
Nd7 28. Bxb7+ Kxb7 29. Rxd7+ Rxd7 30. Rxd7+ Kb6 31. Na4+ Ka6 32. Bd4 Nf4 33.
Rxa7+ Kb5 34. c4+ Kb4 35. Bc5# 1-0

[Event "AUTO-INT-563"]
[Site "http://www.queenalice.com/game.php?id=251297"]
[Date "2007.8.5"]
[Round "1"]
[White "magalhaes"]
[Black "hollst"]
[Result "0-1"]
[WhiteElo "1850"]
[BlackElo "1861"]

1. e4 e5 2. Nf3 f5 3. Nxe5 Qf6 4. d4 d6 5. Nc4 fxe4 6. Nc3 Qg6 7. Ne3 Nf6 8. h3
c6 9. Bd2 Be6 10. Be2 Be7 11. f4 Qg3+ 12. Kf1 Qxf4+ 13. Kg1 Qh4 14. Be1 Qg5 15.
Bd2 Qg6 16. Kh2 d5 17. g3 Bd6 18. Rg1 Nbd7 19. Qf1 O-O 20. Qg2 Nh5 21. Be1 Nf4
22. gxf4 Bxf4+ 23. Kh1 Bxe3 24. Qxg6 hxg6 25. Rxg6 Bf5 26. Rg3 Bxd4 27. Bd2 Bf2
28. Rg2 Bxh3 29. Rh2 Be6 30. Kg2 Bd4 31. Be1 Ne5 32. Bg3 Ng4 33. Bxg4 Bxg4 34.
Rf1 Bf3+ 35. Kh3 Rf6 36. Nd1 Rh6+ 37. Bh4 Bf6 38. Kg3 Be5+ 39. Kh3 Bxh2 40. Kxh2
Rxh4+ 41. Kg3 Rg4+ 42. Kh2 Kf7 43. Ne3 Rh8# 0-1

[Event "AUTO-INT-563"]
[Site "http://www.queenalice.com/game.php?id=251298"]
[Date "2007.8.5"]
[Round "1"]
[White "hollst"]
[Black "SacrificioDeRei"]
[Result "1-0"]
[WhiteElo "1659"]
[BlackElo "1485"]

1. e4 e5 2. Nf3 Nc6 3. Bb5 a6 4. Bxc6 dxc6 5. d4 Bg4 6. dxe5 Qxd1+ 7. Kxd1
O-O-O+ 8. Ke2 Ne7 9. Bf4 Ng6 10. Bg3 Bc5 11. Nd2 Rhe8 12. h3 Bh5 13. Bh2 Nxe5
14. Bxe5 Rxe5 15. g4 1-0

[Event "AUTO-INT-563"]
[Site "http://www.queenalice.com/game.php?id=251299"]
[Date "2007.8.5"]
[Round "1"]
[White "SacrificioDeRei"]
[Black "hollst"]
[Result "0-1"]
[WhiteElo "1704"]
[BlackElo "1956"]

1. e4 e5 2. Nf3 f5 3. Nxe5 Qf6 4. d4 d6 5. Nc4 fxe4 6. Ne3 Qg6 7. Be2 Nf6 8. Nc3
Be7 9. O-O O-O 10. f3 Nc6 11. fxe4 Nxe4 12. Rxf8+ Bxf8 13. Bd3 Nxc3 14. bxc3 Qe8
15. Qf3 g6 16. Nd5 Qe1+ 17. Qf1 Qxf1+ 18. Kxf1 Bf5 19. Bxf5 gxf5 20. Rb1 b6 21.
Nxc7 Rc8 22. Nd5 Ne7 23. Nxe7+ Bxe7 24. Bd2 Kf7 25. Ke2 d5 26. Kd3 Bd6 27. g3 h5
28. a4 h4 29. Bf4 Bxf4 30. gxf4 Rg8 31. Re1 Rg4 32. Ke3 Kf6 33. Kf3 h3 34. Re2
Rg1 35. Ke3 Ra1 36. Kd3 Rd1+ 37. Rd2 Rf1 38. Ke3 Ke6 39. Rf2 Rxf2 40. Kxf2 Kd6
41. Ke3 Kc6 42. Kd3 b5 43. a5 Kc7 44. Kd2 Kb7 45. c4 dxc4 46. Kc3 Kc6 47. Kb4 a6
48. c3 Kd5 49. Ka3 Ke4 0-1

[Event "Challenge"]
[Site "http://www.queenalice.com/game.php?id=252611"]
[Date "2007.8.7"]
[Round "-"]
[White "zemaria"]
[Black "hollst"]
[Result "0-1"]
[WhiteElo "1541"]
[BlackElo "1850"]

1. d4 Nf6 2. Bf4 d5 3. e3 g6 4. h3 Bg7 5. Nd2 c6 6. Be2 Nbd7 7. Bh2 Ne4 8. Nxe4
dxe4 9. f3 Nf6 10. Be5 Bf5 11. g4 exf3 12. Nxf3 Be4 13. Rf1 Qa5+ 14. Qd2 Qxd2+
15. Kxd2 O-O 16. Bc4 b5 17. Bd3 Bd5 18. b3 b4 19. Rac1 Bxf3 20. Rxf3 Nd5 21.
Bxg7 Kxg7 22. Ra1 a5 23. Rff1 a4 24. a3 axb3 25. cxb3 bxa3 26. e4 Nb4 27. Kc3
Rfb8 28. Kd2 Nxd3 29. Kxd3 Rxb3+ 30. Kc4 Rxh3 31. Rfb1 Rg3 32. Rb3 Ra4+ 33. Rb4
Rxb4+ 34. Kxb4 Rxg4 35. Rxa3 Rxe4 36. Kc5 e5 37. dxe5 Rxe5+ 38. Kxc6 h5 39. Kd6
Re1 40. Ra5 h4 41. Ra3 Kh6 42. Kd5 g5 43. Kd4 g4 44. Re3 Rxe3 45. Kxe3 Kg5 46.
Kf2 Kf4 0-1

[Event "Challenge"]
[Site "http://www.queenalice.com/game.php?id=284323"]
[Date "2007.10.10"]
[Round "-"]
[White "hollst"]
[Black "jose50"]
[Result "1-0"]
[WhiteElo "1910"]
[BlackElo "2011"]

1. e4 e5 2. Nf3 d6 3. d4 exd4 4. Qxd4 a6 5. Bc4 Nc6 6. Qd3 Be7 7. Nc3 Nf6 8. Bf4
Be6 9. Nd5 Bxd5 10. Bxd5 Nb4 11. Qb3 Nbxd5 12. exd5 Rb8 13. O-O O-O 14. Rfe1 h6
15. Re2 c6 16. Rae1 Nxd5 17. Bxh6 gxh6 18. c4 Nf4 19. Rxe7 b6 20. Nh4 d5 21.
Qg3+ 1-0

[Event "Guten Tag!"]
[Site "http://www.queenalice.com/game.php?id=298571"]
[Date "2007.11.5"]
[Round "-"]
[White "technicaldraw"]
[Black "hollst"]
[Result "0-1"]
[WhiteElo "2031"]
[BlackElo "2001"]

1. e4 e5 2. Nf3 f5 3. Nxe5 Qf6 4. Nc4 fxe4 5. Nc3 Qg6 6. d3 Bb4 7. Bd2 exd3 8.
Bxd3 Qe6+ 9. Qe2 Qxe2+ 10. Bxe2 Nf6 11. Nb5 Bxd2+ 12. Nxd2 Na6 13. Bf3 c6 14.
Nd6+ Ke7 15. Nxc8+ Raxc8 16. O-O-O d5 17. Rhe1+ Kf7 18. Nb3 Rhe8 19. a3 Rxe1 20.
Rxe1 Re8 21. Rxe8 Nxe8 22. Na5 Nd6 23. b4 Kf6 24. Kd2 Ke5 25. Kd3 c5 26. c3 c4+
27. Kc2 Nb8 28. b5 Nd7 29. a4 Nc5 30. Kb2 Nxa4+ 31. Ka3 Nxc3 32. Kb4 Ncxb5 33.
Nxb7 Nxb7 0-1

[Event "Guten Morgen!"]
[Site "http://www.queenalice.com/game.php?id=298572"]
[Date "2007.11.5"]
[Round "-"]
[White "hollst"]
[Black "technicaldraw"]
[Result "1-0"]
[WhiteElo "1968"]
[BlackElo "2002"]

1. e4 e6 2. d4 d5 3. Nc3 Bb4 4. exd5 exd5 5. Bd3 Nc6 6. Ne2 Nge7 7. a3 Bxc3+ 8.
bxc3 Bg4 9. Rb1 b6 10. Bf4 O-O 11. O-O Ng6 12. Bg3 Re8 13. f3 Bc8 14. Nf4 Nxf4
15. Bxf4 Qf6 16. Bxc7 Bf5 17. Re1 Rxe1+ 18. Qxe1 Rc8 19. Ba6 1-0

[Event "AUTO-INT-563"]
[Site "http://www.queenalice.com/game.php?id=305876"]
[Date "2007.11.18"]
[Round "2"]
[White "grega"]
[Black "hollst"]
[Result "0-1"]
[WhiteElo "1716"]
[BlackElo "2036"]

1. e4 e5 2. Nf3 f5 3. d3 d6 4. Nc3 Nf6 5. Bg5 Be7 6. Bxf6 Bxf6 7. Be2 O-O 8. O-O
c6 9. b4 d5 10. exd5 cxd5 11. Rb1 Kh8 12. d4 e4 13. Ne5 f4 14. f3 e3 15. Ng4 Bh4
16. a4 Be6 17. Ne5 Nd7 18. Qd3 Qg5 19. Kh1 Nxe5 20. Qd1 Bg3 21. h3 Qh4 22. Bd3
Bxh3 0-1

[Event "AUTO-INT-563"]
[Site "http://www.queenalice.com/game.php?id=305877"]
[Date "2007.11.18"]
[Round "2"]
[White "hollst"]
[Black "grega"]
[Result "1-0"]
[WhiteElo "2032"]
[BlackElo "1692"]

1. e4 c5 2. b4 d6 3. bxc5 dxc5 4. Bb2 f6 5. Bc4 e5 6. Ne2 Nh6 7. O-O Nf7 8. c3
Be7 9. d4 cxd4 10. cxd4 Bg4 11. h3 Bh5 12. Qa4+ Qd7 13. Bb5 Nc6 14. d5 Bxe2 15.
dxc6 1-0

[Event "AUTO-INT-563"]
[Site "http://www.queenalice.com/game.php?id=305880"]
[Date "2007.11.18"]
[Round "2"]
[White "hollst"]
[Black "Cesar"]
[Result "0-1"]
[WhiteElo "2041"]
[BlackElo "1773"]

1. e4 c5 2. Nf3 d6 3. d4 Bg4 4. dxc5 Qa5+ 5. Nc3 Qxc5 6. Be2 Nf6 7. O-O Nc6 8.
Be3 Qh5 9. h3 Bxh3 10. gxh3 Qxh3 11. Ng5 Qh4 12. Kg2 Qh6 13. Nb5 Rc8 14. Bg4
Nxg4 15. Qxg4 e6 16. Nxf7 Kxf7 17. Bxh6 gxh6 0-1

[Event "AUTO-INT-563"]
[Site "http://www.queenalice.com/game.php?id=305881"]
[Date "2007.11.18"]
[Round "2"]
[White "Cesar"]
[Black "hollst"]
[Result "1-0"]
[WhiteElo "1800"]
[BlackElo "2002"]

1. e4 e5 2. Nf3 f5 3. Nc3 d6 4. exf5 Bxf5 5. d3 Nf6 6. Bg5 Be7 7. Be2 O-O 8. O-O
c5 9. Nh4 Bd7 10. h3 Nc6 11. f4 Nd4 12. fxe5 dxe5 13. Nf3 Qc7 14. Bxf6 Bxf6 15.
Nd5 Qd6 16. Ne3 Bb5 17. c4 1-0

[Event "Challenge"]
[Site "http://www.queenalice.com/game.php?id=312658"]
[Date "2007.11.29"]
[Round "-"]
[White "hollst"]
[Black "Martino"]
[Result "0-1"]
[WhiteElo "1968"]
[BlackElo "1949"]

1. e4 c5 2. b4 cxb4 3. Bb2 d6 4. Bc4 Nf6 5. d3 e6 6. Nf3 Be7 7. a3 bxa3 8. Nxa3
Nc6 9. O-O O-O 10. Qe2 a6 11. Bb3 Bd7 12. Nc4 Qc7 13. e5 dxe5 14. Nfxe5 b5 15.
Nxc6 Bxc6 16. Be5 Qd8 17. Na5 Rc8 18. Nxc6 Rxc6 19. Qf3 Qc8 20. c4 Nd7 21. Bb2
Bf6 22. cxb5 axb5 23. d4 Nb6 0-1

[Event "Alemanha - 53 anos - 1946 p"]
[Site "http://www.queenalice.com/game.php?id=329413"]
[Date "2008.1.2"]
[Round "-"]
[White "Benoliel"]
[Black "hollst"]
[Result "1-0"]
[WhiteElo "1977"]
[BlackElo "1950"]

1. d4 Nf6 2. c4 c5 3. Nf3 cxd4 4. Nxd4 g6 5. Nc3 Bg7 6. Bg5 Nc6 7. e3 d6 8. Bd3
h6 9. Bh4 Bd7 10. O-O O-O 11. Re1 Rc8 12. Qf3 Ne5 13. Qe2 Nxd3 14. Qxd3 Re8 15.
Ne4 Nxe4 16. Qxe4 Qb6 17. b3 f5 18. Qd3 g5 19. Bg3 f4 20. exf4 Qxd4 21. Qxd4
Bxd4 22. Rad1 Bc5 23. fxg5 hxg5 24. Rd5 g4 25. Rg5+ Kf7 26. Re4 e5 27. h4 gxh3
28. Rh4 1-0

[Event "Challenge"]
[Site "http://www.queenalice.com/game.php?id=331295"]
[Date "2008.1.5"]
[Round "-"]
[White "GrazianiBR"]
[Black "hollst"]
[Result "1-0"]
[WhiteElo "2022"]
[BlackElo "1965"]

1. c4 Nf6 2. f3 e6 3. a3 d5 4. cxd5 exd5 5. Qb3 Be7 6. e3 O-O 7. d4 c5 8. Ne2
Nc6 9. g3 c4 10. Qc2 b5 11. b4 1-0